000 00277nam a2200109Ia 4500
008 200302s9999 xx 000 0 und d
100 _aOscar Riera Ojeda ed.
245 _aThe new American Apartment
260 _bWatson-Guptill Publications
260 _c1997
300 _a264 P.,
999 _c2132
_d2132